Ako malí!

Bibliographic Details
Main Author: Štefánková, Mária, 1951- (Author)
Other Authors: Menclová, Milica (ilustrátorka) (Illustrator)
Format: Article
Language:Slovak
Subjects:

MARC

LEADER 00000nab a2200000 a 4500
001 vtls000684162
003 SK-MaSNL
005 20260303214202.0
008 160314c1998 xo 0 slo
015 |a SNBRB1999/01-02017 
035 |a CLN000036329 
040 |a SNKBUCL  |b slo  |c SNKBUCL  |e AACR2 
041 0 |a slo 
044 |a xo  |c SK 
080 |a 885.4-1(087.5)  |2 UDC-MRF-SK2 
100 1 |a Štefánková, Mária,  |d 1951-  |4 aut  |9 86067 
245 1 0 |a Ako malí!  |c Mária Štefánková ; ilustrovala Milica Menclová 
650 0 7 |a rečňovanky, slovenské  |2 snkbucl  |9 304166 
650 0 7 |a lyrické básne, slovenské  |2 snkbucl  |9 28980 
700 1 |a Menclová, Milica  |c (ilustrátorka)  |4 ill  |9 12815 
773 0 |t Včielka  |g Roč. 41, č. 3 (1998), s. 6 
850 |a Slovenská národná knižnica v Martine 
852 |a SNK  |b KIS3GCP 
958 |a LX 
958 |a SK 
958 |a RBX 
999 |c 2215810  |d 2217740